<?xml version="1.0" encoding="UTF-8"?><?xml-stylesheet type="text/xsl" href="static/style.xsl"?><OAI-PMH xmlns="http://www.openarchives.org/OAI/2.0/" xmlns:xsi="http://www.w3.org/2001/XMLSchema-instance" xsi:schemaLocation="http://www.openarchives.org/OAI/2.0/ http://www.openarchives.org/OAI/2.0/OAI-PMH.xsd"><responseDate>2026-04-14T04:54:05Z</responseDate><request verb="GetRecord" identifier="oai:www.recercat.cat:20.500.12327/2783" metadataPrefix="marc">https://recercat.cat/oai/request</request><GetRecord><record><header><identifier>oai:recercat.cat:20.500.12327/2783</identifier><datestamp>2025-10-22T11:30:53Z</datestamp><setSpec>com_2072_4428</setSpec><setSpec>com_2072_4427</setSpec><setSpec>col_2072_487898</setSpec></header><metadata><record xmlns="http://www.loc.gov/MARC21/slim" xmlns:dcterms="http://purl.org/dc/terms/" xmlns:xsi="http://www.w3.org/2001/XMLSchema-instance" xmlns:doc="http://www.lyncode.com/xoai" xsi:schemaLocation="http://www.loc.gov/MARC21/slim http://www.loc.gov/standards/marcxml/schema/MARC21slim.xsd">
   <leader>00925njm 22002777a 4500</leader>
   <datafield ind2=" " ind1=" " tag="042">
      <subfield code="a">dc</subfield>
   </datafield>
   <datafield ind2=" " ind1=" " tag="720">
      <subfield code="a">Gomis-Bellmunt, Anna</subfield>
      <subfield code="e">author</subfield>
   </datafield>
   <datafield ind2=" " ind1=" " tag="720">
      <subfield code="a">Claret, Anna</subfield>
      <subfield code="e">author</subfield>
   </datafield>
   <datafield ind2=" " ind1=" " tag="720">
      <subfield code="a">Guerrero, Luis</subfield>
      <subfield code="e">author</subfield>
   </datafield>
   <datafield ind2=" " ind1=" " tag="720">
      <subfield code="a">Pérez-Elortondo, Francisco José</subfield>
      <subfield code="e">author</subfield>
   </datafield>
   <datafield ind2=" " ind1=" " tag="260">
      <subfield code="c">2023-12-04</subfield>
   </datafield>
   <datafield ind2=" " ind1=" " tag="520">
      <subfield code="a">Wines covered by PDO or PGI quality labels have specific sensory characteristics. According to EU regulations, product characteristics (including the sensory description) must be defined in the PDO technical specification and should be verified for their compliance. There exist internationally harmonized quantitative descriptive sensory methods applied to products such as virgin olive oil, with well-defined attributes described in the method itself. Currently, in the case of wine, there is no harmonized international sensory descriptive method that allows comparison of results between different PDOs or laboratories. In this work, a qualitative and quantitative olfactory profile for a broad variety of wines (11 PDO and 37 wine types) and their corresponding reference standards are proposed. The sensory profile obtained can be used both to verify compliance with the technical specifications of the product and to categorize wines by type or region, thus becoming a powerful tool for the wine sector.</subfield>
   </datafield>
   <datafield ind1="8" ind2=" " tag="024">
      <subfield code="a">Gomis-Bellmunt, Anna, Anna Claret, Luis Guerrero, Francisco José Pérez‐Elortondo. 2024. “Sensory evaluation of protected designation of origin wines: development of olfactive descriptive profile and references”. Food Research International, 176, 113828. https://doi.org/10.1016/j.foodres.2023.113828</subfield>
   </datafield>
   <datafield ind1="8" ind2=" " tag="024">
      <subfield code="a">0963-9969</subfield>
   </datafield>
   <datafield ind1="8" ind2=" " tag="024">
      <subfield code="a">http://hdl.handle.net/20.500.12327/2783</subfield>
   </datafield>
   <datafield ind1="8" ind2=" " tag="024">
      <subfield code="a">https://doi.org/10.1016/j.foodres.2023.113828</subfield>
   </datafield>
   <datafield ind2="0" ind1="0" tag="245">
      <subfield code="a">Sensory evaluation of Protected Designation of origin Wines: Development of olfactive descriptive profile and references</subfield>
   </datafield>
</record></metadata></record></GetRecord></OAI-PMH>